Epigraphy of art : ancient Greek vase-inscriptions and vase-paintings /
Ancient Greek vase-paintings offer broad-ranging and unprecedented early perspectives on the often intricate interplay of images and texts. By bringing together, for the first time, an international group of leading scholars in classical art and archaeology who have worked on vase-inscriptions, this...
مؤلفون آخرون:
التنسيق: كتاب الكتروني
اللغة: English
منشور في:
Oxford :
Archaeopress Publishing Ltd,
[2016]
سلاسل:
Archaeopress archaeology.
الموضوعات:
الوصول للمادة أونلاين: Login to view Source
الوسوم: إضافة وسم
رقم الطلب: NK4645
| LEADER | 02326nam a2200409 i 4500 | ||
|---|---|---|---|
| 001 | EDZ0001647912 | ||
| 003 | StDuBDS | ||
| 005 | 20230412181844.0 | ||
| 006 | m|||||o||d|||||||| | ||
| 007 | cr ||||||||||| | ||
| 008 | 161214t20162016enka fob 001|0|eng|d | ||
| 020 | |a 9781784914875 (ebook) : |c No price | ||
| 040 | |a StDuBDS |b eng |c StDuBDS |e rda |e pn | ||
| 050 | 4 | |a NK4645 | |
| 082 | 0 | 4 | |a 738.3820938 |2 23 |
| 245 | 0 | 0 | |a Epigraphy of art : |b ancient Greek vase-inscriptions and vase-paintings / |c edited by Dimitrios Yatromanolakis. |
| 264 | 1 | |a Oxford : |b Archaeopress Publishing Ltd, |c [2016] | |
| 264 | 4 | |c ©2016 | |
| 300 | |a 1 online resource : |b illustrations (black and white, and colour). | ||
| 336 | |a text |2 rdacontent | ||
| 336 | |a still image |2 rdacontent | ||
| 337 | |a computer |2 rdamedia | ||
| 338 | |a online resource |2 rdacarrier | ||
| 490 | 1 | |a Archaeopress archaeology | |
| 500 | |a Previously issued in print: 2016. | ||
| 504 | |a Includes bibliographical references and index. | ||
| 520 | 8 | |a Ancient Greek vase-paintings offer broad-ranging and unprecedented early perspectives on the often intricate interplay of images and texts. By bringing together, for the first time, an international group of leading scholars in classical art and archaeology who have worked on vase-inscriptions, this book investigates both epigraphic technicalities of Attic and non-Attic inscriptions, and their broader, iconographic and sociocultural, significance. The ten chapters in this book propose original and expert methodological approaches to the study of vase-inscriptions and vase-paintings, while also foregrounding the outstanding but not fully examined importance of the area of vase-inscriptions for current research on ancient Greek visual representations. | |
| 521 | |a Specialized. | ||
| 588 | |a Description based on online resource; title from home page (viewed on March 6, 2017). | ||
| 650 | 0 | |a Vase-painting, Greek |z Greece. | |
| 700 | 1 | |a Yatromanolakis, Dimitrios, |e editor. | |
| 776 | 0 | 8 | |i Print version : |z 9781784914868 |
| 830 | 0 | |a Archaeopress archaeology. | |
| 856 | 4 | 0 | |3 Archaeopress |u http://library.arce.org:8087/Archaeopress/Products/9781784914868 |
| 942 | |2 lcc |c EBOOK | ||
| 952 | |0 0 |1 0 |4 0 |6 NK4645 |7 1 |9 46219 |a ARCH |b ARCH |d 2023-04-12 |l 0 |o NK4645 |r 2023-04-12 00:00:00 |w 2023-04-12 |y EBOOK | ||
| 999 | |c 51877 |d 51877 | ||
